000 00612nam a22001817a 4500
005 20260226110222.0
008 260226b |||||||| |||| 00| 0 eng d
020 _a978-1-78135-010-2
050 _aLC 4708 .B 44 2013
100 _aBEECH JOE
245 _aTHE LITTLE BOOK OF DYSLEXIA: BOTH SIDES OF THE CLASSROOM
260 _aCARMARTHEN, WALES,
_bINDEPENDENT THINKING PRESS,
_c2013,
300 _aiX, 151 P,
500 _aINCLUDES BIBLIOGRAPHICAL REFERENCES
650 _a1. DYSLEXIA-STUDY AND TEACHING 2. LEARNING DISABILITIES-STUDY AND TEACHING
700 _aEDITED BY IAN GILBERT
942 _2lcc
_cBK
999 _c216682
_d216682